Information technology, communication and distance education: (Record no. 180684)

MARC details
000 -LEADER
fixed length control field 00703nam a22002057a 4500
005 - DATE AND TIME OF LATEST TRANSACTION
control field 20210813155852.0
010 ## - LCCN (DPL NO)
LC control number ENG-129856
020 ## - INTERNATIONAL STANDARD BOOK NUMBER
Terms of availability 1275.00
International Standard Book Number 978-93-84402-57-0
035 ## - SYSTEM CONTROL NUMBER
System control number EN-113388
037 ## - SOURCE OF ACQUISITION
Source of stock number/acquisition DBAD/PUB
082 ## - DEWEY DECIMAL CLASSIFICATION NUMBER
Classification number 371.33
100 ## - MAIN ENTRY--PERSONAL NAME
Personal name Dhillon,Shamshir Singh
245 ## - TITLE STATEMENT
Title Information technology, communication and distance education:
Statement of responsibility, etc Shamshir Singh Dhillon, Ranjit Kaur
250 ## - EDITION STATEMENT
Edition statement 2018
260 ## - PUBLICATION, DISTRIBUTION, ETC. (IMPRINT)
Name of publisher, distributor, etc Gyan Geeta Prakashan
Date of publication, distribution, etc 2018
Place of publication, distribution, etc Delhi
270 ## - ADDRESS
Telephone number 09716234769
Electronic mail address gyangeetaprakashan@gmail.com
Address F-7,GALI NO-1,Panchsheel garden Ext.Naveen Shahdara
City Delhi
Postal code 110032
300 ## - PHYSICAL DESCRIPTION
Extent 312p.
Dimensions 24cm (hbk)
700 ## - ADDED ENTRY--PERSONAL NAME
Personal name Ranjit Kaur
942 ## - ADDED ENTRY ELEMENTS (KOHA)
Source of classification or shelving scheme Dewey Decimal Classification
Item type English Books
Classification part 371.33
Call number prefix DHI
Holdings
Withdrawn status Lost status Not for loan Collection code Home library Current library Date acquired Source of acquisition Cost, normal purchase price Full call number Barcode Copy number Cost, replacement price Koha item type
      Non-fiction Shahdara Branch Shahdara Branch 13/08/2021 DBAD/PUB 1275.00 371.33 DHI EN-113388 1 1275.00 English Books

© Delhi Public Library
Hit Counter
free hit counter